书目信息 |
| 题名: |
全国高等教育自学考试中文专业试题及答案汇编
|
|
| 作者: | ;《中文自修》编辑部 编 | |
| 分册: | ||
| 出版信息: | 北京 语文出版社 1985 |
|
| 页数: | 392页 | |
| 开本: | 19cm | |
| 丛书名: | ||
| 单 册: | ||
| 中图分类: | C44 | |
| 科图分类: | ||
| 主题词: | 社会科学--习题 , 社会科学--问答 | |
| 电子资源: | ||
| ISBN: | ||
| 000 | 00761nam0 2200241 45 | |
| 001 | 0185002721 | |
| 005 | 20050614165033.7 | |
| 010 | @dCNY1.90 | |
| 091 | @a7240.006 | |
| 100 | @a19901127g1985 em y0chiy0121 ea | |
| 101 | 0 | @achi |
| 102 | @aCN@b110000 | |
| 105 | @ay q 000yy | |
| 200 | 10 | @a全国高等教育自学考试中文专业试题及答案汇编@AQuan Guo Gao Deng Jiao Yu Zi Xue Kao Shi Zhong Wen Zhuan Ye Shi Ti Ji DaAn Hui Bian@f《中文自修》编辑部编@F《Zhong Wen Zi Xiu》Bian Ji Bu Bian |
| 210 | @a北京@c语文出版社@d1985 | |
| 215 | @a392页@d19cm | |
| 606 | 0 | @a社会科学@x习题 |
| 606 | 0 | @a社会科学@x问答 |
| 690 | @aC44@v3 | |
| 711 | 02 | @a《中文自修》编辑部@4编 |
| 801 | 0 | @aCN@b深圳图书馆@c20040506 |
| 801 | 2 | @aCN@bNLC@c20040506 |
| 905 | @dC44@e29@f1@b144377 | |
| 全国高等教育自学考试中文专业试题及答案汇编/《中文自修》编辑部编.-北京:语文出版社,1985 |
| 392页;19cm |
| ISBN :CNY1.90 |
| ● |
| 相关链接 |
|
|
|
|
正题名:全国高等教育自学考试中文专业试题及答案汇编
索取号:C44/29
 
预约/预借
| 序号 | 登录号 | 条形码 | 馆藏地/架位号 | 状态 | 备注 |
| 1 | 0144377 | 202109654 | 第一样本阅览室/ [索取号:C44/29] | 在馆 | |
| 2 | 0144380 | 001120995 | 密集书库/ [索取号:C44/29] | 在馆 |